HAU journal of ethnographic theory.

Detalles Bibliográficos
Formato: Electrónico Revista
Lenguaje:inglés
Publicado: Manchester, UK : HAU
Materias:
Acceso en línea:Full text available from Research Library: 01/01/2011 to 01/31/2017

MARC

LEADER 00000nas a2200000 a 4500
001 ssj0000601132
003 WaSeSS
005 20200512172242.0
006 m d
007 cr n
008 111219c20119999enkfr p s 0 0eng c
010 |a  2011254380 
022 |a 2049-1115  |l 2049-1115  |y 2575-1433 
035 |a (WaSeSS)ssj0000601132 
040 |a CUS  |b eng  |c CUS  |d CUS  |d HUL  |d OCLCQ  |d OCLCF  |d OCLCO  |d OCLCQ  |d NTG  |d WaSeSS 
042 |a pcc 
050 4 |a GN33 
222 0 |a HAU 
245 0 0 |a HAU  |h [electronic resource] :  |b journal of ethnographic theory. 
246 1 |a Journal of ethnographic theory 
260 |a Manchester, UK :  |b HAU 
310 |a Biannually (with supplementary issues) 
362 1 |a Began with: Vol. 1, issue 1 (fall 2011). 
500 |a Some issues have themes with distinctive titles. 
506 |a License restrictions may limit access. 
515 |a Issues for v. 1, issue 1 (fall 2011)- also called: 1:1 (2011)- 
588 |a Description based on: Vol. 1, issue 1 (fall 2011); title from PDF cover (HAU Web site, viewed Dec. 16, 2011). 
588 |a Latest issue consulted: Vol. 1, issue 1 (fall 2011) (viewed Dec. 16, 2011). 
650 0 |a Anthropology  |x Philosophy  |v Periodicals. 
650 0 |a Ethnology  |x Philosophy  |v Periodicals. 
650 7 |a Anthropology  |x Philosophy.  |2 fast  |0 (OCoLC)fst00810222 
650 7 |a Ethnology  |x Philosophy.  |2 fast  |0 (OCoLC)fst00916143 
655 0 |a Electronic journals. 
856 4 0 |z Full text available from Research Library: 01/01/2011 to 01/31/2017  |u https://search.proquest.com/publication/2043070